000 00741nam a2200289Ia 4500
005 20260324130731.0
008 008 260324s9999 xx 000 0 eng d
020 _a9781315705231
037 _aEBOOK
040 _aCRL
040 _beng
040 _cCRL
041 _2eng
041 _aeng
084 _qCRL
100 _aKyle Longley; John W. Sloan; Michael Schaller; Jeremy Mayer
_91182898
245 0 _aDeconstructing Reagan
245 0 _bConservative Mythology and America's Fortieth President
260 _bTaylor and Francis
260 _c2007
365 _a
365 _b265
856 _uhttp://www.taylorfrancis.com/books/9781315705231
942 _cEBOOK
999 _c1779321
_d1779321